Pup Star Movie Quiz - Statistics

General Stats
  • This quiz has been taken 382 times
  • The average score is 6 of 9
Answer Stats
Hints Characters % Correct
The main character who embarks on a long adventure to get to New York. Tiny
95%
Wants to ruin Tiny's life Bark
86%
Known as the "King of Rock and Roll" Charlie
79%
"Queen of Country Music" Emily Rose
77%
Tiny's owner Lou
71%
Sings "The Blues" Big Ears
53%
House keeper Ida
53%
Lou's dad Steven
44%
Helps someone to capture Tiny Kano & Roland
6%
No matching quizzes found
Score Distribution
Percent of People with Each Score
Percentile by Number Answered
Your Score History
You have not taken this quiz